|
|
|
|
| LEADER |
01808nam a2200433 a 4500 |
| 001 |
000716897 |
| 003 |
CZ BrMZK |
| 005 |
20090827113718.0 |
| 007 |
ta |
| 008 |
040519s2004 xr a e p 000 0 cze d |
| 015 |
|
|
|a cnb001313969
|
| 020 |
|
|
|a 80-7318-189-4
|q (brož.)
|
| 035 |
|
|
|a (OCoLC)85104333
|
| 040 |
|
|
|a BOA001
|b cze
|
| 072 |
|
7 |
|a 005
|x Management. Řízení
|2 Konspekt
|9 4
|
| 072 |
|
7 |
|a 37.016
|x Učební osnovy. Vyučovací předměty. Učebnice
|2 Konspekt
|9 22
|
| 080 |
|
|
|a 303.725.36
|2 MRF
|
| 080 |
|
|
|a 519.7/.8
|2 MRF
|
| 080 |
|
|
|a 005
|2 MRF
|
| 080 |
|
|
|a (075.8)
|2 MRF
|
| 100 |
1 |
|
|a Kovář, František,
|d 1940-
|7 mzk2003189066
|4 aut
|
| 245 |
1 |
0 |
|a Teorie průmyslových podnikatelských systémů II. /
|c František Kovář, Hana Kožíšková, Kateřina Hrazdilová Bočková
|
| 250 |
|
|
|a Vyd. 1.
|
| 260 |
|
|
|a Zlín :
|b Univerzita Tomáše Bati ve Zlíně,
|c 2004
|
| 300 |
|
|
|a 250 s. :
|b il. ;
|c 29 cm
|
| 500 |
|
|
|a Vydavatel: Univerzita Tomáše Bati ve Zlíně. Fakulta managementu a ekonomiky
|
| 500 |
|
|
|a 250 výt.
|
| 504 |
|
|
|a Obsahuje bibliografii
|
| 650 |
0 |
7 |
|a teorie systémů
|7 ph116432
|2 czenas
|
| 650 |
0 |
7 |
|a systémové inženýrství
|7 ph116373
|2 czenas
|
| 650 |
0 |
7 |
|a management
|7 ph115217
|2 czenas
|
| 655 |
|
7 |
|a učebnice vysokých škol
|7 fd133772
|2 czenas
|
| 700 |
1 |
|
|a Kožíšková, Hana,
|d 1977-
|7 xx0013099
|4 aut
|
| 700 |
1 |
|
|a Hrazdilová Bočková, Kateřina,
|d 1976-
|7 mzk2003171559
|4 aut
|
| 710 |
2 |
|
|a Univerzita Tomáše Bati ve Zlíně.
|b Fakulta managementu a ekonomiky
|7 kn20010709196
|
| 856 |
4 |
1 |
|u http://www.digitalniknihovna.cz/mzk/uuid/uuid:b1e87f50-fdbc-11e3-9789-005056827e52
|y Digitalizovaný dokument
|x NDK
|
| 910 |
|
|
|a BOA001
|b 3-1135.386
|
| 990 |
|
|
|a BK
|
| 996 |
6 |
|
|b 2610220885
|c 3-1135.386
|l MZK
|r Sklad / do 1 hodiny
|n 2
|p p.v.
|w 000716897
|u 000010
|a 1
|e BOA001
|j MZK50
|s P
|